Island a Európska únia bakalárska práca

Uložené v:
Podrobná bibliografia
Hlavný autor: Poliovková, Juliána
Korporativný autor: Obchodná fakulta EU. Katedra medzinárodného obchodu
Ďalší autori: Silná, Zuzana
Médium: Kniha
Jazyk:Slovak
Vydavateľské údaje: Bratislava 2010
Tagy: Pridať tag
Žiadne tagy, Buďte prvý, kto otaguje tento záznam!

MARC

LEADER 00000nam$a2200000$$$4500
001 0134198
005 20240320074147.4
041 0 |a slo 
044 |a SK 
245 1 0 |a Island a Európska únia  |b bakalárska práca  |c Juliána Poliovková ; školiteľ: Zuzana Silná 
264 1 |a Bratislava  |c 2010 
300 |a 74 s. 
100 1 |a Poliovková, Juliána 
700 1 |a Silná, Zuzana 
710 2 |a Obchodná fakulta EU. Katedra medzinárodného obchodu